The space- age solar system
Gorde:
| Egile nagusia: | |
|---|---|
| Formatua: | Liburua |
| Hizkuntza: | Undetermined |
| Argitaratua: |
New York
John Wiley & Sons
1988
|
| Gaiak: | |
| Etiketak: |
Etiketa erantsi
Etiketarik gabe, Izan zaitez lehena erregistro honi etiketa jartzen!
|
| Thư viện lưu trữ: | Trung tâm Học liệu Trường Đại học Cần Thơ |
|---|
| LEADER | 00497nam a2200181Ia 4500 | ||
|---|---|---|---|
| 001 | CTU_80010 | ||
| 008 | 210402s9999 xx 000 0 und d | ||
| 082 | |a 523.2 | ||
| 082 | |b B346 | ||
| 100 | |a Baugher, Joseph F. | ||
| 245 | 4 | |a The space- age solar system | |
| 245 | 0 | |c Joseph F. Baugher | |
| 260 | |a New York | ||
| 260 | |b John Wiley & Sons | ||
| 260 | |c 1988 | ||
| 650 | |a Planets,Solar system,Astronomy | ||
| 904 | |i Trọng Hải | ||
| 980 | |a Trung tâm Học liệu Trường Đại học Cần Thơ | ||